| 000 | 00369nam a2200133Ia 4500 | ||
|---|---|---|---|
| 008 | 231017s9999 xx 000 0 und d | ||
| 082 | _a624.1513BER | ||
| 082 | _bBER | ||
| 245 | 0 | _aDesign and Construction of Mechanically Stabilized Earth Walls and Reinforced Soil Slopes Vol-2 | |
| 245 | 0 | _cRyan R. Berg | |
| 260 | _bRyan R. Berg | ||
| 300 | _c30cm | ||
| 942 | _cREP | ||
| 999 |
_c603775 _d603775 |
||